000 00348 a2200169 4500
001 164472
020 _a85-262-3291-6
040 _cMagnum
100 _aBraz, Julio Emilio
240 1 0 _aPretinha, eu?
_lpor
245 1 0 _aPretinha, eu?
300 _a63
362 0 _a2000
440 1 _aScipione
697 _aLITERATURA JUVENIL
942 _cBK
999 _c164472
_d164472